[Event "Oberliga Ost-A 2324"]
[Site "Germany"]
[Date "2024.02.25"]
[Round "7.4"]
[White "Schubert, Ralf"]
[Black "Genkin, Michael"]
[Result "1/2-1/2"]
[WhiteElo "2088"]
[BlackElo "2250"]
[PlyCount "48"]
[EventDate "2023.10.22"]
[EventType "team-tourn"]
[EventRounds "11"]
[EventCountry "GER"]
[SourceTitle "EXT 2025"]
[Source "ChessBase"]
[SourceDate "2024.10.14"]
[SourceVersion "1"]
[SourceVersionDate "2024.10.14"]
[SourceQuality "1"]
[WhiteTeam "Dessau"]
[BlackTeam "Dresden Gruen Weiss"]
[WhiteTeamCountry "GER"]
[BlackTeamCountry "GER"]

1. Nf3 c5 2. c4 Nf6 3. g3 b6 4. Bg2 Bb7 5. 0-0 e6 6. Nc3 Be7 7. d4 cxd4 8. Nxd4 Bxg2 9. Kxg2 Qc8 10. Qd3 Nc6 11. Nxc6 Qxc6+ 12. e4 a6 13. f3 d6 14. b3 0-0 15. Bb2 Rfd8 16. Rac1 Qb7 17. a4 Bf8 18. Rfd1 Ne8 19. Rd2 Rab8 20. Rcd1 Nc7 21. Qe2 Be7 22. Ba3 Ne8 23. Qe3 h6 24. Rd3 Rbc8 1/2-1/2

[Event "Oberliga Ost-A 2324"]
[Site "Germany"]
[Date "2023.12.03"]
[Round "3.4"]
[White "Hoerr, Matthias"]
[Black "Schubert, Ralf"]
[Result "1/2-1/2"]
[WhiteElo "2085"]
[BlackElo "2087"]
[PlyCount "72"]
[EventDate "2023.10.22"]
[EventType "team-tourn"]
[EventRounds "11"]
[EventCountry "GER"]
[SourceTitle "EXT 2025"]
[Source "ChessBase"]
[SourceDate "2024.10.14"]
[SourceVersion "1"]
[SourceVersionDate "2024.10.14"]
[SourceQuality "1"]
[WhiteTeam "Plauen Koenig"]
[BlackTeam "Dessau"]
[WhiteTeamCountry "GER"]
[BlackTeamCountry "GER"]

1. c4 e5 2. g3 Nc6 3. Bg2 g6 4. Nc3 Bg7 5. e3 f5 6. d3 Nf6 7. Nge2 0-0 8. 0-0 d6 9. b3 g5 10. f4 h6 11. Qd2 Ne7 12. Ba3 Ng6 13. Rae1 Re8 14. Nd5 c6 15. Nxf6+ Bxf6 16. d4 e4 17. Rc1 g4 18. Rc2 b6 19. Rfc1 Bb7 20. Bf1 Qd7 21. b4 Red8 22. Nc3 Ne7 23. Rd1 Qe8 24. c5 dxc5 25. bxc5 b5 26. Bb2 Bc8 27. a4 b4 28. Bc4+ Kg7 29. Nb1 a5 30. Qe2 Nd5 31. Nd2 Be6 32. Bb3 Qg8 33. Nc4 Nc7 34. Ba1 Bxc4 35. Bxc4 Nd5 36. Bxd5 Qxd5 1/2-1/2

[Event "Oberliga Ost-A 2324"]
[Site "Germany"]
[Date "2023.12.02"]
[Round "2.4"]
[White "Schubert, Ralf"]
[Black "Urban, Lars"]
[Result "0-1"]
[WhiteElo "2087"]
[BlackElo "2205"]
[PlyCount "50"]
[EventDate "2023.10.22"]
[EventType "team-tourn"]
[EventRounds "11"]
[EventCountry "GER"]
[SourceTitle "EXT 2025"]
[Source "ChessBase"]
[SourceDate "2024.10.14"]
[SourceVersion "1"]
[SourceVersionDate "2024.10.14"]
[SourceQuality "1"]
[WhiteTeam "Dessau"]
[BlackTeam "Erfurt Empor"]
[WhiteTeamCountry "GER"]
[BlackTeamCountry "GER"]

1. d4 d5 2. c4 e6 3. Nc3 Bb4 4. cxd5 exd5 5. Nf3 Nf6 6. a3 Bxc3+ 7. bxc3 Ne4 8. Qb3 c5 9. dxc5 0-0 10. Be3 Na6 11. Rd1 Qa5 12. Qxd5 Naxc5 13. Nd2 Qxc3 14. Bxc5 Nxc5 15. Qf3 Qa5 16. Rc1 Na4 17. e4 Rd8 18. Qe3 Be6 19. Be2 Rd7 20. Rc2 Rad8 21. Kd1 Qe5 22. Ke1 Qa1+ 23. Bd1 Nb2 24. Ke2 Nc4 25. Nxc4 Rxd1 0-1

[Event "Oberliga Ost-A 2122"]
[Site "Germany"]
[Date "2022.06.19"]
[Round "5.3"]
[White "Schubert, Ralf"]
[Black "Eichner, Sebastian"]
[Result "0-1"]
[WhiteElo "2107"]
[BlackElo "2352"]
[PlyCount "98"]
[EventDate "2021.10.10"]
[EventType "team-tourn"]
[EventRounds "11"]
[EventCountry "GER"]
[SourceTitle "EXT 2023"]
[Source "ChessBase"]
[SourceDate "2022.10.05"]
[SourceVersion "1"]
[SourceVersionDate "2022.10.05"]
[SourceQuality "1"]
[WhiteTeam "Dessau"]
[BlackTeam "Nickelhuette Aue"]
[WhiteTeamCountry "GER"]
[BlackTeamCountry "GER"]

1. d4 d5 2. c4 e6 3. Nc3 Be7 4. Nf3 Nf6 5. Bg5 h6 6. Bh4 0-0 7. e3 b6 8. cxd5 Nxd5 9. Bxe7 Qxe7 10. Nxd5 exd5 11. Be2 Be6 12. 0-0 c5 13. dxc5 bxc5 14. Qa4 Rc8 15. Rfd1 a5 16. Ne1 Nd7 17. Rd2 Qf6 18. Rc1 c4 19. Qd1 Rab8 20. e4 dxe4 21. Rxd7 Bxd7 22. Qxd7 Rd8 23. Qc7 Rxb2 24. Qxc4 Rd4 25. Qc8+ Kh7 26. Rc2 Rd2 27. Rxb2 Rxb2 28. Qc4 g6 29. Kf1 Kg8 30. Qd5 e3 31. Qf3 Qxf3 32. Nxf3 Rb1+ 33. Ne1 exf2 34. Kxf2 Rb2 35. Ke3 Rxa2 36. Bc4 Rb2 37. Kd3 Kg7 38. Kc3 Rb1 39. Nd3 f5 40. Nb2 Kf6 41. Bd5 g5 42. h3 Ke5 43. Ba8 Kf4 44. Kc2 Rg1 45. Nc4 Kg3 46. Ne3 Kf4 47. Kd2 a4 48. g4 fxg4 49. Nxg4 a3 0-1

[Event "Oberliga Ost-A 2122"]
[Site "Germany"]
[Date "2022.06.18"]
[Round "4.3"]
[White "Zaehringer, Daniel"]
[Black "Schubert, Ralf"]
[Result "1-0"]
[WhiteElo "2149"]
[BlackElo "2107"]
[PlyCount "127"]
[EventDate "2021.10.10"]
[EventType "team-tourn"]
[EventRounds "11"]
[EventCountry "GER"]
[SourceTitle "EXT 2023"]
[Source "ChessBase"]
[SourceDate "2022.10.05"]
[SourceVersion "1"]
[SourceVersionDate "2022.10.05"]
[SourceQuality "1"]
[WhiteTeam "Plauen Koenig"]
[BlackTeam "Dessau"]
[WhiteTeamCountry "GER"]
[BlackTeamCountry "GER"]

1. d4 Nf6 2. c4 g6 3. Nc3 Bg7 4. e4 d6 5. f3 0-0 6. Be3 Na6 7. Qd2 c5 8. Nge2 Qa5 9. a3 Nc7 10. Ra2 cxd4 11. Nxd4 Ne6 12. b4 Qe5 13. Nde2 Nc7 14. Bd4 Qe6 15. Nf4 Qd7 16. Be3 e5 17. Nfd5 Nfxd5 18. cxd5 Qe7 19. Be2 Bd7 20. 0-0 Rfc8 21. Rc1 Qe8 22. Rac2 Bf8 23. a4 f5 24. b5 f4 25. Bf2 Qd8 26. a5 Ne8 27. b6 a6 28. Na2 Rxc2 29. Rxc2 g5 30. g4 fxg3 31. hxg3 g4 32. fxg4 Qf6 33. g5 Qg6 34. Qe3 Be7 35. Bf3 Bxg5 36. Qe2 Bd8 37. Bh5 Qg7 38. Bxe8 Bxe8 39. Nb4 Bb5 40. Qh5 Qd7 41. Qh6 Qg4 42. Qxd6 Qxe4 43. Bc5 Bg5 44. Rf2 Be3 45. Qe6+ Kh8 46. Qf6+ Kg8 47. Qf7+ Kh8 48. Qf6+ Kg8 49. Bxe3 Qxe3 50. Kh2 Re8 51. Qf7+ Kh8 52. Qf6+ Kg8 53. Rf5 h6 54. Qg6+ Kh8 55. Qf6+ Kh7 56. Qf7+ Kh8 57. Nc6 Rg8 58. Qf6+ Kh7 59. Qxe5 Qxe5 60. Nxe5 Rd8 61. Rf7+ Kg8 62. Rxb7 Rxd5 63. Rc7 Rd2+ 64. Kg1 1-0

[Event "Oberliga Ost-A 2122"]
[Site "Germany"]
[Date "2022.05.08"]
[Round "8.3"]
[White "Schubert, Ralf"]
[Black "Kahe, Ralph"]
[Result "1/2-1/2"]
[WhiteElo "2107"]
[BlackElo "2170"]
[PlyCount "50"]
[EventDate "2021.10.10"]
[EventType "team-tourn"]
[EventRounds "11"]
[EventCountry "GER"]
[SourceTitle "EXT 2023"]
[Source "ChessBase"]
[SourceDate "2022.10.05"]
[SourceVersion "1"]
[SourceVersionDate "2022.10.05"]
[SourceQuality "1"]
[WhiteTeam "Dessau"]
[BlackTeam "Magdeburg Rochade"]
[WhiteTeamCountry "GER"]
[BlackTeamCountry "GER"]

1. d4 g6 2. e4 Bg7 3. Nc3 a6 4. f4 d5 5. e5 Nh6 6. Nf3 Bg4 7. Be3 Nf5 8. Bf2 c5 9. dxc5 d4 10. Ne4 Bxf3 11. Qxf3 Qa5+ 12. c3 Nc6 13. Bc4 0-0 14. 0-0 dxc3 15. Qxc3 Rad8 16. Rad1 Qxc3 17. Nxc3 Nfd4 18. Bd5 e6 19. Bxc6 Nxc6 20. Ne4 Nb4 21. Bh4 Rxd1 22. Rxd1 Nd5 23. g3 Rc8 24. a3 h6 25. b4 g5 1/2-1/2

[Event "Oberliga Ost-A 2122"]
[Site "Germany"]
[Date "2022.04.02"]
[Round "10.3"]
[White "Schubert, Ralf"]
[Black "Boehm, Robert"]
[Result "1/2-1/2"]
[WhiteElo "2107"]
[BlackElo "2145"]
[PlyCount "32"]
[EventDate "2021.10.10"]
[EventType "team-tourn"]
[EventRounds "11"]
[EventCountry "GER"]
[SourceTitle "EXT 2023"]
[Source "ChessBase"]
[SourceDate "2022.10.05"]
[SourceVersion "1"]
[SourceVersionDate "2022.10.05"]
[SourceQuality "1"]
[WhiteTeam "Dessau"]
[BlackTeam "Hoyerswerda"]
[WhiteTeamCountry "GER"]
[BlackTeamCountry "GER"]

1. d4 d5 2. c4 e6 3. Nc3 Nf6 4. Nf3 c6 5. cxd5 exd5 6. Bg5 Be7 7. e3 Nbd7 8. Bd3 Nh5 9. Bxe7 Qxe7 10. 0-0 Nhf6 11. Qc2 0-0 12. Rfc1 Re8 13. Na4 g6 14. Nc5 Nxc5 15. Qxc5 Qxc5 16. Rxc5 Nd7 1/2-1/2

[Event "GER-chT Online Liga 1 GpC"]
[Site "Playchess.com INT"]
[Date "2021.03.04"]
[Round "5.2"]
[White "Gerland, Felix"]
[Black "Schubert, Ralf"]
[Result "1-0"]
[WhiteElo "2169"]
[BlackElo "2107"]
[PlyCount "93"]
[EventDate "2021.01.21"]
[EventType "team-tourn (rapid)"]
[EventRounds "7"]
[EventCountry "GER"]
[SourceTitle "EXT 2022"]
[Source "ChessBase"]
[SourceDate "2021.10.06"]
[SourceVersion "1"]
[SourceVersionDate "2021.10.06"]
[SourceQuality "1"]
[WhiteTeam "Rinteln"]
[BlackTeam "Dessau"]
[WhiteTeamCountry "GER"]
[BlackTeamCountry "GER"]

1. c4 g6 2. g3 Bg7 3. Bg2 f5 4. d4 Nf6 5. Nc3 0-0 6. b3 c5 7. e3 cxd4 8. exd4 Nc6 9. Nge2 d6 10. 0-0 e5 11. Bb2 g5 12. Nd5 f4 13. dxe5 dxe5 14. Ba3 Re8 15. Nec3 e4 16. Nxf6+ Bxf6 17. Nxe4 Bxa1 18. Qxa1 Re5 19. Bb2 Rf5 20. Bf6 Qf8 21. Bxg5 f3 22. Bh1 Ne5 23. Re1 h6 24. Bh4 Ng6 25. Bf6 Bd7 26. Bb2 Bc6 27. Nf6+ Kf7 28. Ng4 Re8 29. Rxe8 Kxe8 30. Ne3 Rf7 31. Qd1 Qc5 32. Nd5 Bxd5 33. cxd5 Kd7 34. Bxf3 Kd6 35. Kg2 Ne5 36. Bxe5+ Kxe5 37. Qe2+ Kf6 38. Qe6+ Kg7 39. Qe5+ Kf8 40. Qh8+ Ke7 41. Qxh6 Qc3 42. Qe6+ Kf8 43. Qe4 Qb2 44. d6 Qxa2 45. Qd4 Rd7 46. Bg4 Rd8 47. Qh8+ 1-0

[Event "GER-chT Online Liga 1 GpC"]
[Site "Playchess.com INT"]
[Date "2021.01.21"]
[Round "1.3"]
[White "Gallasch, Jonas"]
[Black "Schubert, Ralf"]
[Result "1-0"]
[WhiteElo "2112"]
[BlackElo "2107"]
[PlyCount "64"]
[EventDate "2021.01.21"]
[EventType "team-tourn (rapid)"]
[EventRounds "7"]
[EventCountry "GER"]
[SourceTitle "CBM 200 Extra"]
[Source "ChessBase"]
[SourceDate "2021.03.31"]
[SourceVersion "1"]
[SourceVersionDate "2021.03.31"]
[SourceQuality "1"]
[WhiteTeam "Porz SG"]
[BlackTeam "Dessau"]
[WhiteTeamCountry "GER"]
[BlackTeamCountry "GER"]

1. d4 Nf6 2. c4 g6 3. Nc3 Bg7 4. e4 d6 5. Be2 0-0 6. Be3 e5 7. d5 c6 8. g4 Qa5 9. f3 b5 10. cxb5 cxd5 11. exd5 e4 12. g5 exf3 13. Bxf3 Ng4 14. Bd4 Qb4 15. Bxg7 Kxg7 16. Nge2 Re8 17. Qd2 Ne3 18. Ne4 Nc2+ 19. Kd1 Qxd2+ 20. Kxd2 Nxa1 21. Nxd6 Rd8 22. Nxc8 Nd7 23. Ne7 Ne5 24. Bg2 Rab8 25. Nd4 Rd7 26. Nec6 Nxc6 27. bxc6 Re7 28. d6 Re5 29. c7 Rxb2+ 30. Kc3 Rxg2 31. c8Q Re3+ 32. Kc4 Rxa2 1-0

[Event "Sachsen-Anhalt Verbandsliga 1920"]
[Site "Sachsen Anhalt"]
[Date "2020.09.20"]
[Round "7.1"]
[White "Schubert, Ralf"]
[Black "Geue, Niklas"]
[Result "0-1"]
[WhiteElo "2099"]
[BlackElo "2126"]
[PlyCount "72"]
[EventDate "2019.09.29"]
[EventType "team-tourn"]
[EventRounds "9"]
[EventCountry "GER"]
[SourceTitle "EXT 2023"]
[Source "ChessBase"]
[SourceDate "2022.10.05"]
[SourceVersion "1"]
[SourceVersionDate "2022.10.05"]
[SourceQuality "1"]
[WhiteTeam "Dessau"]
[BlackTeam "Magdeburg USC"]
[WhiteTeamCountry "GER"]
[BlackTeamCountry "GER"]

1. d4 Nf6 2. c4 e6 3. Nc3 Bb4 4. Qc2 0-0 5. a3 Bxc3+ 6. Qxc3 d5 7. e3 b6 8. Nf3 Nbd7 9. cxd5 exd5 10. Bd3 c5 11. 0-0 Bb7 12. Ne5 Nxe5 13. dxe5 Nd7 14. b3 Qe7 15. Bb2 f6 16. Qc2 fxe5 17. Bxh7+ Kh8 18. f4 e4 19. Bg6 Rfd8 20. Qe2 Qh4 21. f5 Nf6 22. Rf4 Qg5 23. Bf7 Rd7 24. Be6 Rd6 25. g3 d4 26. Rh4+ Nh7 27. Rh5 Qxe3+ 28. Qxe3 dxe3 29. Bf7 Rad8 30. Bg6 Rd1+ 31. Kg2 R1d2+ 32. Kf1 Rxb2 33. Re1 Rdd2 34. Rxh7+ Kg8 35. Rxe3 Rd1+ 36. Re1 Ba6+ 0-1

[Event "DSOL 02 Liga Gr-C 1st"]
[Site "Playchess.com INT"]
[Date "2020.08.05"]
[Round "7.2"]
[White "Spindel, Ulrich"]
[Black "Schubert, Ralf"]
[Result "1/2-1/2"]
[WhiteElo "2013"]
[BlackElo "2087"]
[PlyCount "105"]
[EventDate "2020.06.22"]
[EventType "team-tourn (rapid)"]
[EventCountry "GER"]
[SourceTitle "EXT 2021"]
[Source "ChessBase"]
[SourceDate "2020.10.23"]
[SourceVersion "1"]
[SourceVersionDate "2020.10.23"]
[SourceQuality "1"]
[WhiteTeam "Grosshansdorf"]
[BlackTeam "Dessau"]
[WhiteTeamCountry "GER"]
[BlackTeamCountry "GER"]

1. d4 Nf6 2. c4 g6 3. Nc3 Bg7 4. e4 d6 5. f3 0-0 6. Bg5 h6 7. Be3 Na6 8. Nge2 c5 9. d5 Nc7 10. Qd2 Kh7 11. Ng3 Bd7 12. Bd3 a6 13. 0-0 b5 14. Rab1 bxc4 15. Bxc4 Nb5 16. Nce2 Qb6 17. Nh1 Nd4 18. Nxd4 cxd4 19. Bxd4 Nxe4 20. fxe4 Bxd4+ 21. Nf2 e5 22. Kh1 f5 23. Bd3 f4 24. Nd1 Rf6 25. Nc3 Raf8 26. Be2 g5 27. h3 f3 28. Rxf3 Rxf3 29. Bxf3 Bxh3 30. Rf1 Bd7 31. Be2 Rf4 32. g3 Rxf1+ 33. Bxf1 Bg4 34. Kg2 Qb4 35. Qc2 Kg6 36. a3 Qc5 37. Bxa6 Qa5 38. Be2 Bd7 39. Qd3 Ba7 40. Qf3 Qb6 41. g4 Qg1+ 42. Kh3 h5 43. Qg2 Qe1 44. Kh2 Qh4+ 45. Qh3 Bg1+ 46. Kg2 Qf2+ 47. Kh1 hxg4 48. Qg2 Qxg2+ 49. Kxg2 Be3 50. Bb5 Bc8 51. Ne2 Kf6 52. a4 Ke7 53. Ng3 1/2-1/2

[Event "DSOL 02 Liga Gr-C 1st"]
[Site "Playchess.com INT"]
[Date "2020.07.22"]
[Round "5.2"]
[White "Schmid, Anton"]
[Black "Schubert, Ralf"]
[Result "0-1"]
[WhiteElo "1947"]
[BlackElo "2087"]
[PlyCount "58"]
[EventDate "2020.06.22"]
[EventType "team-tourn (rapid)"]
[EventCountry "GER"]
[SourceTitle "EXT 2021"]
[Source "ChessBase"]
[SourceDate "2020.10.23"]
[SourceVersion "1"]
[SourceVersionDate "2020.10.23"]
[SourceQuality "1"]
[WhiteTeam "Gottingen Rot-Weiss"]
[BlackTeam "Dessau"]
[WhiteTeamCountry "GER"]
[BlackTeamCountry "GER"]

1. d4 Nf6 2. c4 g6 3. Nc3 Bg7 4. e4 d6 5. Be2 0-0 6. Bg5 h6 7. Be3 e5 8. d5 a6 9. a4 Nbd7 10. a5 Nc5 11. f3 Nh5 12. b4 Nd7 13. Nh3 Nf4 14. Nxf4 exf4 15. Bd4 Qh4+ 16. Kf1 Ne5 17. Rc1 f5 18. c5 g5 19. c6 bxc6 20. dxc6 g4 21. Bxe5 Bxe5 22. Bd3 gxf3 23. Qxf3 fxe4 24. Nxe4 Bg4 25. Qf2 Qh5 26. Nd2 f3 27. g3 Bh3+ 28. Kg1 Bd4 29. Bc4+ d5 0-1

[Event "DSOL 02 Liga Gr-C 1st"]
[Site "Playchess.com INT"]
[Date "2020.06.26"]
[Round "1.2"]
[White "Schubert, Ralf"]
[Black "Schmitt, Carsten1"]
[Result "0-1"]
[WhiteElo "2087"]
[BlackElo "1891"]
[PlyCount "70"]
[EventDate "2020.06.22"]
[EventType "team-tourn (rapid)"]
[EventCountry "GER"]
[SourceTitle "EXT 2021"]
[Source "ChessBase"]
[SourceDate "2020.10.23"]
[SourceVersion "1"]
[SourceVersionDate "2020.10.23"]
[SourceQuality "1"]
[WhiteTeam "Dessau"]
[BlackTeam "Bergwinkel SV"]
[WhiteTeamCountry "GER"]
[BlackTeamCountry "GER"]

1. d4 Nf6 2. Nc3 e6 3. e4 d5 4. e5 Nfd7 5. Nce2 c5 6. c3 Nc6 7. f4 cxd4 8. cxd4 Qb6 9. Nf3 Bb4+ 10. Nc3 0-0 11. Bd3 f5 12. a3 Be7 13. Na4 Qd8 14. 0-0 h6 15. Be3 b6 16. Rc1 Bb7 17. Bb5 Rc8 18. Qe2 Ncb8 19. Rxc8 Bxc8 20. Rc1 a6 21. Bd3 b5 22. Nc5 Nxc5 23. dxc5 Nc6 24. Nd4 Bd7 25. a4 bxa4 26. Bxa6 Qa5 27. Bb7 Nxd4 28. Bxd4 Bb5 29. Qe1 Qa7 30. Bxd5 exd5 31. e6 Bc6 32. Qc3 Bf6 33. Bxf6 Rxf6 34. Qe5 Qe7 35. Qd6 Rxe6 0-1

[Event "Sachsen-Anhalt Verbandsliga 1920"]
[Site "Sachsen Anhalt"]
[Date "2020.01.19"]
[Round "5.4"]
[White "Richter, Tobias"]
[Black "Schubert, Ralf"]
[Result "0-1"]
[WhiteElo "2046"]
[BlackElo "2099"]
[PlyCount "52"]
[EventDate "2019.09.29"]
[EventType "team-tourn"]
[EventRounds "9"]
[EventCountry "GER"]
[SourceTitle "EXT 2023"]
[Source "ChessBase"]
[SourceDate "2022.10.05"]
[SourceVersion "1"]
[SourceVersionDate "2022.10.05"]
[SourceQuality "1"]
[WhiteTeam "Merseburg"]
[BlackTeam "Dessau"]
[WhiteTeamCountry "GER"]
[BlackTeamCountry "GER"]

1. e4 d6 2. d4 Nf6 3. Nc3 g6 4. f4 Bg7 5. Nf3 0-0 6. e5 Nfd7 7. h4 c5 8. h5 cxd4 9. hxg6 dxc3 10. gxf7+ Rxf7 11. Bc4 Nf8 12. Bxf7+ Kxf7 13. Ng5+ Kg8 14. Qh5 Bd7 15. Qf7+ Kh8 16. Qb3 Be8 17. Qxc3 Nbd7 18. Be3 Qc8 19. Qb3 Nc5 20. Bxc5 Qxc5 21. 0-0-0 dxe5 22. Rd5 Qc6 23. Kb1 Rc8 24. Qd3 Qg6 25. Qd2 exf4 26. Rd8 Qb6 0-1

[Event "Sachsen-Anhalt Verbandsliga 18/19"]
[Site "Sachsen Anhalt"]
[Date "2018.11.25"]
[Round "3.2"]
[White "Schoenfeld, Frank"]
[Black "Schubert, Ralf"]
[Result "1-0"]
[WhiteElo "2034"]
[BlackElo "2107"]
[PlyCount "123"]
[EventDate "2018.10.21"]
[EventType "team-tourn"]
[EventRounds "9"]
[EventCountry "GER"]
[SourceTitle "EXT 2022"]
[Source "ChessBase"]
[SourceDate "2021.10.06"]
[SourceVersion "1"]
[SourceVersionDate "2021.10.06"]
[SourceQuality "1"]
[WhiteTeam "Graefenhainichen"]
[BlackTeam "Dessau"]
[WhiteTeamCountry "GER"]
[BlackTeamCountry "GER"]

1. d4 Nf6 2. Nf3 g6 3. Bf4 Bg7 4. e3 0-0 5. h3 d6 6. Be2 Nc6 7. 0-0 Nd7 8. c4 e5 9. Bh2 e4 10. Nfd2 f5 11. Nc3 Nf6 12. a3 Ne7 13. Rc1 g5 14. b4 Ng6 15. c5 d5 16. Nb5 Ne8 17. f3 exf3 18. Bxf3 f4 19. Qb3 c6 20. Nd6 Nxd6 21. cxd6 Qxd6 22. Ne4 Qe7 23. Rce1 Kh8 24. Nf2 Qf7 25. Bh5 Qg8 26. Bxg6 hxg6 27. h4 gxh4 28. Bxf4 Bf5 29. Nd3 Rae8 30. Ne5 Be4 31. Bg5 Qe6 32. Rf4 Rxf4 33. exf4 Bf6 34. Nxg6+ Kg7 35. Nxh4 Bxd4+ 36. Kh2 Qg4 37. Qg3 Qxg3+ 38. Kxg3 Kf7 39. Re2 Bd3 40. Rd2 Re3+ 41. Nf3 Bc3 42. Rd1 Bb5 43. f5 Be5+ 44. Bf4 Bxf4+ 45. Kxf4 Rxa3 46. Ng5+ Kf6 47. Re1 d4 48. Re6+ Kg7 49. f6+ Kf8 50. Nh7+ Kg8 51. Re8+ Kxh7 52. f7 Ra1 53. f8Q Rf1+ 54. Kg5 Rxf8 55. Rxf8 a5 56. bxa5 Ba6 57. Rd8 d3 58. Rd7+ Kg8 59. Kf6 c5 60. g4 c4 61. g5 Bb5 62. Rd8+ 1-0

[Event "Sachsen-Anhalt Verbandsliga 18/19"]
[Site "Sachsen Anhalt"]
[Date "2018.11.11"]
[Round "2.2"]
[White "Schubert, Ralf"]
[Black "Otikova, Elina"]
[Result "1-0"]
[WhiteElo "2107"]
[BlackElo "2081"]
[PlyCount "61"]
[EventDate "2018.10.21"]
[EventType "team-tourn"]
[EventRounds "9"]
[EventCountry "GER"]
[SourceTitle "EXT 2022"]
[Source "ChessBase"]
[SourceDate "2021.10.06"]
[SourceVersion "1"]
[SourceVersionDate "2021.10.06"]
[SourceQuality "1"]
[WhiteTeam "Dessau"]
[BlackTeam "Loeberitz II"]
[WhiteTeamCountry "GER"]
[BlackTeamCountry "GER"]

1. d4 Nf6 2. c4 e6 3. Nc3 Bb4 4. Qc2 d5 5. e3 0-0 6. a3 Bxc3+ 7. Qxc3 Ne4 8. Qc2 c5 9. dxc5 Nxc5 10. Nf3 a5 11. cxd5 Qxd5 12. Bc4 Qh5 13. 0-0 Bd7 14. Nd4 Rc8 15. Qd1 Qg6 16. f3 Nc6 17. Nxc6 Bxc6 18. Qe2 b5 19. Ba2 e5 20. Bd2 e4 21. f4 Bd7 22. Bc3 Nd3 23. f5 Bxf5 24. Rxf5 Qxf5 25. Rf1 Qg5 26. Rxf7 Kh8 27. h4 Nc1 28. Qf2 Qh6 29. Bxg7+ Qxg7 30. Rxg7 Kxg7 31. Qf7+ 1-0

[Event "Oberliga Ost-A 1718"]
[Site "Germany"]
[Date "2018.03.18"]
[Round "9.3"]
[White "Weitzer, Steffen"]
[Black "Schubert, Ralf"]
[Result "1-0"]
[WhiteElo "2236"]
[BlackElo "2148"]
[PlyCount "67"]
[EventDate "2017.10.22"]
[EventType "team-tourn"]
[EventRounds "11"]
[EventCountry "GER"]
[SourceTitle "EXT 2019"]
[Source "ChessBase"]
[SourceDate "2018.10.10"]
[SourceVersion "1"]
[SourceVersionDate "2018.10.10"]
[SourceQuality "1"]
[WhiteTeam "Leipzig SG II"]
[BlackTeam "Dessau"]
[WhiteTeamCountry "GER"]
[BlackTeamCountry "GER"]

1. e4 d6 2. d4 Nf6 3. Nc3 g6 4. f4 Bg7 5. Nf3 0-0 6. e5 dxe5 7. dxe5 Qxd1+ 8. Kxd1 Ng4 9. Ke1 c6 10. h3 Nh6 11. g4 f6 12. Bc4+ Nf7 13. Be3 Na6 14. Rd1 Kh8 15. exf6 exf6 16. Kf2 Nd8 17. Rd6 Re8 18. Bd4 Be6 19. Bxa6 bxa6 20. Re1 c5 21. Be3 Rb8 22. Na4 Bxa2 23. Rxa6 Ne6 24. f5 gxf5 25. gxf5 Ng5 26. Bxg5 Rxe1 27. Kxe1 fxg5 28. f6 Bh6 29. Nc3 Bc4 30. Rxa7 Be6 31. Ne4 g4 32. Nfg5 Bxg5 33. Nxg5 Bf5 34. Nf7+ 1-0

[Event "Feffernitz op 25th"]
[Site "Feffernitz"]
[Date "2016.08.21"]
[Round "1"]
[White "Schubert, Ralf"]
[Black "Malakhatko, Vadim"]
[Result "0-1"]
[WhiteElo "1836"]
[BlackElo "2485"]
[PlyCount "63"]
[EventDate "2016.08.21"]
[EventType "swiss"]
[EventRounds "9"]
[EventCountry "AUT"]
[SourceTitle "CBM 174 Extra"]
[Source "ChessBase"]
[SourceDate "2016.10.10"]
[SourceVersion "1"]
[SourceVersionDate "2016.10.10"]
[SourceQuality "1"]

1. d4 g6 2. c4 Bg7 3. Nc3 d6 4. e4 e5 5. d5 f5 6. g3 Nf6 7. Bg2 0-0 8. Nge2 Nbd7 9. Be3 Ng4 10. Bd2 Nc5 11. 0-0 a5 12. f3 Nf6 13. Be3 fxe4 14. fxe4 Ng4 15. Bxc5 Rxf1+ 16. Qxf1 dxc5 17. Nd1 Qg5 18. h3 Nf6 19. Rc1 Bd7 20. Rc3 Rf8 21. Rf3 Qd2 22. Nec3 Ne8 23. Kh2 Rxf3 24. Qxf3 Nd6 25. b3 Bxh3 26. Qf2 Qxf2 27. Nxf2 Bd7 28. Nd3 b6 29. Bh3 Be8 30. Be6+ Kf8 31. g4 Bh6 32. Nxe5 0-1

[Event "Oberliga Ost-A 1516"]
[Site "Germany"]
[Date "2016.04.09"]
[Round "10.4"]
[White "Schubert, Ralf"]
[Black "Hovsepyan, Vardan"]
[Result "0-1"]
[WhiteElo "2145"]
[BlackElo "2092"]
[PlyCount "68"]
[EventDate "2015.09.20"]
[EventType "team-tourn"]
[EventRounds "11"]
[EventCountry "GER"]
[SourceTitle "EXT 2017"]
[Source "ChessBase"]
[SourceDate "2016.10.25"]
[SourceVersion "1"]
[SourceVersionDate "2016.10.25"]
[SourceQuality "1"]
[WhiteTeam "Dessau"]
[BlackTeam "Hoyerswerda"]
[WhiteTeamCountry "GER"]
[BlackTeamCountry "GER"]

1. d4 f5 2. Nc3 Nf6 3. f3 d5 4. Bg5 c5 5. e4 dxe4 6. Bb5+ Bd7 7. Bxf6 exf6 8. fxe4 Bxb5 9. Nxb5 a6 10. Nc3 cxd4 11. exf5 dxc3 12. Qh5+ g6 13. fxg6 hxg6 14. Qxg6+ Ke7 15. Kf1 Nc6 16. Re1+ Ne5 17. Nf3 Qd5 18. Nxe5 fxe5 19. Qg5+ Ke6 20. Qg4+ Kf6 21. Re3 Bh6 22. Rd3 cxb2 23. Ke2 Qe6 24. Qh4+ Kg7 25. Rg3+ Kf7 26. Qh5+ Ke7 27. Qh4+ Kd7 28. Rd1+ Kc7 29. Rc3+ Kb8 30. Rb3 Rc8 31. Rxb2 e4 32. Qg3+ Ka7 33. Rd6 Qc4+ 34. Ke1 Bf4 0-1